000 00317 a2200169 4500
001 187683
020 _a85-02-05878-9
040 _cMagnum
100 _aLopes, Sônia
240 1 0 _aBio 1
_lpor
245 1 0 _aBio 1
300 _a479
362 0 _a2006
440 1 _aSaraiva
697 _aBIOLOGIA
942 _cBK
999 _c187683
_d187683